[Event "GER OL-239 email"]
[Site "GER email"]
[Date "2008.04.24"]
[Round "?"]
[White "Zocke, Lars"]
[Black "Stangl, Josef"]
[Result "1/2-1/2"]
[WhiteElo "1640"]
[BlackElo "1640"]
[PlyCount "27"]
[EventDate "2008.??.??"]
[EventType "tourn (corr)"]
[EventRounds "6"]
[EventCountry "GER"]
[SourceTitle "Corr 2011"]
[Source "ChessBase"]
[SourceDate "2010.08.31"]
[SourceVersion "1"]
[SourceVersionDate "2010.08.31"]
[SourceQuality "1"]

1. d4 d5 2. c4 e6 3. Nc3 Nf6 4. Bg5 Be7 5. Nf3 0-0 6. e3 Nc6 7. a3 h6 8. Bh4 Ne4 9. Bxe7 Nxe7 10. Rc1 Nxc3 11. Rxc3 Bd7 12. c5 Qe8 13. Bd3 Bb5 14. Bxb5 1/2-1/2

[Event "GER OL-236 email"]
[Site "GER email"]
[Date "2008.03.15"]
[Round "?"]
[White "Wagner, Josef"]
[Black "Zocke, Lars"]
[Result "1/2-1/2"]
[WhiteElo "1588"]
[BlackElo "1640"]
[PlyCount "36"]
[EventDate "2008.??.??"]
[EventType "tourn (corr)"]
[EventRounds "6"]
[EventCountry "GER"]
[SourceTitle "Corr 2011"]
[Source "ChessBase"]
[SourceDate "2010.08.31"]
[SourceVersion "1"]
[SourceVersionDate "2010.08.31"]
[SourceQuality "1"]

1. e4 c5 2. d4 cxd4 3. c3 dxc3 4. Nxc3 Nc6 5. Nf3 e6 6. Bc4 d6 7. Qe2 a6 8. Bf4 Nf6 9. 0-0 Be7 10. Rfd1 Qc7 11. e5 dxe5 12. Nxe5 0-0 13. Ng6 e5 14. Nxe5 Bd6 15. Nxc6 Bxf4 16. Ne7+ Kh8 17. h3 Be6 18. Ncd5 Nxd5 1/2-1/2